<?xml version="1.0" encoding="UTF-8"?><?xml-stylesheet type="text/xsl" href="static/style.xsl"?><OAI-PMH xmlns="http://www.openarchives.org/OAI/2.0/" xmlns:xsi="http://www.w3.org/2001/XMLSchema-instance" xsi:schemaLocation="http://www.openarchives.org/OAI/2.0/ http://www.openarchives.org/OAI/2.0/OAI-PMH.xsd"><responseDate>2026-06-29T08:13:41Z</responseDate><request verb="GetRecord" identifier="oai:docta.ucm.es:20.500.14352/118339" metadataPrefix="marc">https://docta.ucm.es/rest/oai/request</request><GetRecord><record><header><identifier>oai:docta.ucm.es:20.500.14352/118339</identifier><datestamp>2025-04-22T23:58:50Z</datestamp><setSpec>com_20.500.14352_14</setSpec><setSpec>col_20.500.14352_15</setSpec></header><metadata><record xmlns="http://www.loc.gov/MARC21/slim" xmlns:dcterms="http://purl.org/dc/terms/" xmlns:xsi="http://www.w3.org/2001/XMLSchema-instance" xmlns:doc="http://www.lyncode.com/xoai" xsi:schemaLocation="http://www.loc.gov/MARC21/slim http://www.loc.gov/standards/marcxml/schema/MARC21slim.xsd">
   <leader>00925njm 22002777a 4500</leader>
   <datafield ind2=" " ind1=" " tag="042">
      <subfield code="a">dc</subfield>
   </datafield>
   <datafield ind2=" " ind1=" " tag="720">
      <subfield code="a">Ramasubramanian, Darshan</subfield>
      <subfield code="e">author</subfield>
   </datafield>
   <datafield ind2=" " ind1=" " tag="720">
      <subfield code="a">Hernández Verdejo, José Luis</subfield>
      <subfield code="e">author</subfield>
   </datafield>
   <datafield ind2=" " ind1=" " tag="720">
      <subfield code="a">López Alonso, José Manuel</subfield>
      <subfield code="e">author</subfield>
   </datafield>
   <datafield ind2=" " ind1=" " tag="260">
      <subfield code="c">2025-02</subfield>
   </datafield>
   <datafield ind2=" " ind1=" " tag="520">
      <subfield code="a">This study employs a computational model to simulate the dynamics of tear fluid and tear film in conjunction with contact lens motion, examining the interplay between diverse contact lens characteristics—such as material, design, and dimensions—and key ocular factors like dry eye conditions, corneal size, and blink rate. These interactions are critical for customising lens fit to maximise wearer comfort. Utilising optical measurements from a single participant, the study integrates data on tear meniscus size, blink velocity, and palpebral fissure height with sixteen different contact lens parameters, including Young's modulus, thickness, diameter, and curvature. Correlation analyses were conducted to determine the impact of these parameters on the dynamics of the tear fluid and overall tear film. Results show that the diameter and Young's modulus of the contact lens significantly influence pre-lens tear film thickness, with robust, statistically significant correlations. In contrast, lens thickness and base curve showed minimal impact, as evidenced by weak and non-significant correlations. These findings underscore the critical roles of lens diameter and Young's modulus in enhancing the stability and distribution of tear fluid, thereby improving wearer comfort and advancing contact lens design.</subfield>
   </datafield>
   <datafield ind1="8" ind2=" " tag="024">
      <subfield code="a">Ramasubramanian, D., Hernández-Verdejo, J.L. &amp; López-Alonso, J.M. Influence of Contact Lens Parameters on Tear Film Dynamics. Bull Math Biol 87, 45 (2025). https://doi.org/10.1007/s11538-025-01425-1</subfield>
   </datafield>
   <datafield ind1="8" ind2=" " tag="024">
      <subfield code="a">10.1093/imammb/dqab010</subfield>
   </datafield>
   <datafield ind1="8" ind2=" " tag="024">
      <subfield code="a">https://hdl.handle.net/20.500.14352/118339</subfield>
   </datafield>
   <datafield ind1="8" ind2=" " tag="024">
      <subfield code="a">https://doi.org/10.1093/imammb/dqab010</subfield>
   </datafield>
   <datafield ind2="0" ind1="0" tag="245">
      <subfield code="a">Influence of Contact Lens Parameters on Tear Film Dynamics</subfield>
   </datafield>
</record></metadata></record></GetRecord></OAI-PMH>